[Event "54th ch-IND Premier 2016"]
[Site "Lucknow IND"]
[Date "2016.11.27"]
[Round "10.4"]
[White "Nitin, S."]
[Black "Ravi, Teja S."]
[Result "1-0"]
[WhiteTitle "IM"]
[BlackTitle "IM"]
[WhiteElo "2415"]
[BlackElo "2384"]
[WhiteFideId "5018277"]
[BlackFideId "5017220"]
[EventDate "2016.11.17"]

1. e4 c6 2. Nc3 d5 3. Nf3 Bg4 4. h3 Bxf3 5. Qxf3 e6 6. d3 Nd7 7. Bd2 Ngf6 8. g4
g6 9. O-O-O Bg7 10. Qg3 Qb6 11. e5 Ng8 12. f4 Ne7 13. a3 g5 14. h4 gxf4 15. Bxf4
c5 16. h5 Rg8 17. d4 a6 18. dxc5 Qc7 19. Re1 Nxc5 20. Bd3 h6 21. Kb1 O-O-O 22.
Qf2 Rdf8 23. g5 Nxd3 24. cxd3 hxg5 25. Bxg5 Nc6 26. Bf6 Bxf6 27. Qxf6 Qd8 28.
Qf2 Qg5 29. Na4 Qg3 30. Qc2 Rh8 31. Nc5 Kc7 32. Nxa6+ Kb6 33. Nc5 Rc8 34. Qb3+ 1-0

[Event "54th ch-IND Premier 2016"]
[Site "Lucknow IND"]
[Date "2016.11.27"]
[Round "10.5"]
[White "Dhulipalla, Bala Chandra Prasad"]
[Black "Aravindh, Chithambaram VR."]
[Result "1/2-1/2"]
[BlackTitle "GM"]
[WhiteElo "2316"]
[BlackElo "2565"]
[WhiteFideId "25005812"]
[BlackFideId "5072786"]
[EventDate "2016.11.17"]

1. d4 Nf6 2. Bf4 d5 3. e3 c5 4. Nf3 Nc6 5. Nbd2 e6 6. c3 Bd6 7. Bg3 O-O 8. Bd3
b6 9. Ne5 Bb7 10. O-O Ne7 11. Qf3 Ng6 12. Qe2 Qc7 13. Nxg6 hxg6 14. Bxd6 Qxd6
15. f4 Rfc8 16. Nf3 c4 17. Bc2 b5 18. Ne5 Bc6 19. Qe1 Kf8 20. g4 Ke7 21. f5 exf5
22. gxf5 g5 23. Qg3 g4 24. Bd1 Ne4 25. Qh4+ Qf6 26. Qxf6+ gxf6 27. Nxc6+ Rxc6
28. Bxg4 Rg8 29. h3 b4 30. cxb4 Rb6 31. Rac1 Rxb4 32. Rc2 a5 33. Kh2 Rgb8 34.
Bf3 Rxb2 35. Bxe4 dxe4 36. Rc1 Kd6 37. Kg3 Rxc2 38. Rxc2 Kd5 39. h4 Rg8+ 40. Kh3
Rg1 41. h5 Rh1+ 42. Kg4 a4 43. a3 Rg1+ 44. Kh4 Re1 45. Rc3 Rh1+ 46. Kg4 Rg1+ 47.
Kh4 Re1 48. Kg4 Rg1+ 49. Kh4 Rf1 50. Rc2 Rg1 51. Rc3 Rd1 52. Rc2 Rh1+ 53. Kg4
Rg1+ 54. Kh4 Re1 55. Rc3 Rf1 56. Rc2 1/2-1/2

[Event "54th ch-IND Premier 2016"]
[Site "Lucknow IND"]
[Date "2016.11.28"]
[Round "11.3"]
[White "Aravindh, Chithambaram VR."]
[Black "Bakre, Tejas"]
[Result "1-0"]
[WhiteTitle "GM"]
[BlackTitle "GM"]
[WhiteElo "2565"]
[BlackElo "2450"]
[WhiteFideId "5072786"]
[BlackFideId "5004195"]
[EventDate "2016.11.17"]

1. d4 d5 2. c4 c6 3. Nf3 Nf6 4. Nc3 dxc4 5. a4 Bf5 6. Ne5 Nbd7 7. Nxc4 Qc7 8. g3
e5 9. dxe5 Nxe5 10. Bf4 Nfd7 11. Bg2 f6 12. O-O g5 13. Nxe5 gxf4 14. Nxd7 Qxd7
15. Qc1 Bd6 16. a5 a6 17. Ra4 fxg3 18. hxg3 O-O 19. Ne4 Rad8 20. Rd1 Qe7 21.
Nxd6 Rxd6 22. Rxd6 Qxd6 23. Rf4 Bg6 24. Qc3 Rf7 25. Rd4 Qe6 26. Qd2 Kg7 27. b4
Re7 28. e3 Bf5 29. e4 Bg6 30. f4 Qb3 31. Kh2 Be8 32. Rd6 Qf7 33. g4 Rd7 34. Qd4
Rxd6 35. Qxd6 Qd7 36. e5 Qxd6 37. exd6 Kf7 38. f5 Kf8 39. Kg3 Bf7 40. g5 fxg5
41. Kg4 h6 42. b5 axb5 43. Bxc6 bxc6 44. a6 Bd5 45. a7 c5 46. f6 Ke8 47. Kf5 b4
48. Kg6 1-0

[Event "54th ch-IND Premier 2016"]
[Site "Lucknow IND"]
[Date "2016.11.28"]
[Round "11.4"]
[White "Ravi, Teja S."]
[Black "Dhulipalla, Bala Chandra Prasad"]
[Result "1-0"]
[WhiteTitle "IM"]
[WhiteElo "2384"]
[BlackElo "2316"]
[WhiteFideId "5017220"]
[BlackFideId "25005812"]
[EventDate "2016.11.17"]

1. d4 Nf6 2. c4 g6 3. Nc3 d5 4. cxd5 Nxd5 5. e4 Nxc3 6. bxc3 Bg7 7. Nf3 c5 8.
Be3 Qa5 9. Qd2 Nc6 10. Rb1 a6 11. Rc1 f5 12. dxc5 fxe4 13. Nd4 Bd7 14. Nxc6 Bxc6
15. Bc4 Rd8 16. Qb2 Bd4 17. Bxd4 Rxd4 18. Qb4 Qxb4 19. cxb4 Rf8 20. a3 e5 21.
Rc3 Ke7 22. Be2 Ke6 23. h4 h6 24. Rhh3 Rfd8 25. Bc4+ Kf5 26. Bb3 Kf6 27. Rhe3 a5
28. bxa5 Ra8 29. Bc2 Rxa5 30. Re2 Rb5 31. Rd2 Bd5 32. Ke2 Rc4 33. Rxc4 Bxc4+ 34.
Ke3 Bd3 35. Bxd3 exd3 36. Rxd3 Rxc5 37. Rd6+ Kf5 38. h5 gxh5 39. Rxh6 Rc3+ 40.
Kd2 Rxa3 41. Rxh5+ Ke4 42. Rh4+ Kd5 43. Rb4 Kc6 44. Rc4+ Kd6 45. Rc3 Ra2+ 46.
Rc2 Ra8 47. Rb2 Kc6 48. Ke3 Rg8 49. f3 b5 50. Ke4 Rg5 51. Rc2+ Kb6 52. Kd5 Ka5
53. g4 b4 54. Ra2+ Kb5 55. Ra8 e4+ 56. Kxe4 b3 57. Kd4 Kb4 58. Rb8+ Ka3 59. Kc4
Ka2 60. Rxb3 1-0

[Event "54th ch-IND Premier 2016"]
[Site "Lucknow IND"]
[Date "2016.11.28"]
[Round "11.5"]
[White "Sriram, Jha"]
[Black "Nitin, S."]
[Result "0-1"]
[WhiteTitle "GM"]
[BlackTitle "IM"]
[WhiteElo "2426"]
[BlackElo "2415"]
[WhiteFideId "5001668"]
[BlackFideId "5018277"]
[EventDate "2016.11.17"]

1. d4 Nf6 2. Nf3 g6 3. Nc3 d5 4. Bf4 Bg7 5. e3 O-O 6. Be2 c5 7. dxc5 Qa5 8. Nd2
Qxc5 9. Nb3 Qb6 10. Nb5 Na6 11. Be5 Bf5 12. O-O Rfc8 13. c3 Qd8 14. Bd4 b6 15.
Bxf6 Bxf6 16. N5d4 Nc5 17. Nxf5 gxf5 18. Nd4 e6 19. Rc1 a6 20. f4 Ne4 21. Bd3
Kh8 22. Rf3 Qc7 23. Bxe4 dxe4 24. Rh3 Rg8 25. Rc2 Rg4 26. Rd2 Rag8 27. g3 Rd8
28. Rh6 Be7 29. Kf2 Bf8 30. Rh5 Rg6 31. Ne2 Rxd2 32. Qxd2 Bc5 33. h3 Rg8 34. Nd4
f6 35. g4 Qd7 36. b4 fxg4 37. bxc5 gxh3 38. Rxh3 bxc5 39. Nf3 Qg7 40. Ne1 Qg1+
41. Ke2 Qg4+ 0-1

[Event "54th ch-IND Premier 2016"]
[Site "Lucknow IND"]
[Date "2016.11.28"]
[Round "11.6"]
[White "Karthikeyan, Murali"]
[Black "Abhishek, Kelkar"]
[Result "1-0"]
[WhiteTitle "GM"]
[BlackTitle "IM"]
[WhiteElo "2530"]
[BlackElo "2389"]
[WhiteFideId "5074452"]
[BlackFideId "5019257"]
[EventDate "2016.11.17"]

1. Nf3 d5 2. g3 c6 3. Bg2 Nf6 4. O-O Bf5 5. d3 e6 6. Nbd2 h6 7. b3 Be7 8. Bb2
O-O 9. Ne5 Bh7 10. e4 a5 11. a4 Na6 12. Qe2 Nb4 13. Rfc1 Re8 14. f4 Qb6+ 15. Kh1
Rad8 16. Ng4 Nxg4 17. Qxg4 Bf8 18. Qe2 Bc5 19. Nf3 dxe4 20. dxe4 Qa6 21. Qe1 Qb6
22. Ne5 Be3 23. Nc4 Bxc1 24. Nxb6 Bxb2 25. Rb1 Nxc2 26. Qe2 Bd4 27. Nc4 Nb4 28.
Nxa5 b6 29. Nc4 f6 30. Rd1 Kh8 31. Qd2 c5 32. Nxb6 e5 33. fxe5 fxe5 34. Rf1 Bg8
35. Nc4 Rf8 36. Qe2 Nc6 37. h4 Rb8 38. Rf3 Rfd8 39. g4 Ne7 40. g5 Kh7 41. gxh6
gxh6 42. Qf1 Kh8 43. Qc1 Kg7 44. Bh3 Rf8 45. Rxf8 Rxf8 46. Qd1 Rf4 47. Nd6 Bf7
48. Nxf7 Kxf7 49. Qd3 Ng6 50. h5 Nh4 51. a5 Rf2 52. Qg3 Nf3 53. Qg6+ Ke7 54.
Qe6+ Kf8 55. Qd6+ Kf7 56. Qe6+ Kf8 57. Qxh6+ Kf7 58. Qg6+ Ke7 59. Qg7+ Ke8 60.
Qg3 Rh2+ 61. Qxh2 Nxh2 62. Kxh2 1-0